Logique - Mort Subite #10 - Statistiques

Statistiques générales
  • Ce quiz a été pris 251 fois
  • Le résultat moyen est 5 sur 14
Answers on the Grid
Answers color-coded by a green-red scale on the quiz's grid according to % correct below.
Je crois en Fanta
Rafistole
Oreille
Anglais
Permettre
Mer Baltique
Triptyque
Furoncle
Linguistique
Embêtante
François Fillon
Crac
Paparazzi
Confrère
Je ne veux pas
Agnès
Andorre
Firmament
Couse un
Par an
 
Statistiques - réponses
Réponse % Correct
Je crois en Fanta
55%
François Fillon
42%
Permettre
41%
Rafistole
41%
Furoncle
40%
Paparazzi
40%
Mer Baltique
39%
Par an
38%
Couse un
37%
Je ne veux pas
37%
Firmament
34%
Confrère
32%
Embêtante
30%
Agnès
29%
Aucun quiz correspondant
Distribution des résultats
% des personnes avec chaque résultat
Percentile par nombre de réponses
Votre historique - résultats
Vous n’avez pas pris ce quiz